000 00622nam 22002173 4500
001 200004
021 _aPT
_b35138/90
090 _a200004
100 _a20260116d u||y0pory50 ba
200 _aO avião do Nanga
_fRené Sterne
_gcor Chantal de Spiegeleer; tradução Francisco Alba Linhares
205 _a
210 _aPorto
_cEdições Asa
_d1990
215 _a48 p.
_cil. ; encadernado
_d29 cm
225 _aAdler
_h1
606 _91586
_aDesenho Artístico
610 _aBanda desenhada
675 _a74
_vPT
_zpor
700 _915818
_aSterne
_bRené
_f1938-2018
801 _aPT
_bBMMN
_gRPC
830 _cIsabel
990 _cLIVROS